[Event "Vallfogona Hostal Nou op"]
[Site "Vallfogona de Balaguer"]
[Date "2014.05.24"]
[Round "5"]
[White "Solani Nunez, Joshua"]
[Black "Barbero Sendic, Alejandro"]
[Result "0-1"]
[WhiteElo "2199"]
[BlackElo "2416"]
[PlyCount "38"]
[EventDate "2014.04.26"]
[EventType "swiss"]
[EventRounds "8"]
[EventCountry "ESP"]
[SourceTitle "EXT 2015"]
[Source "ChessBase"]
[SourceDate "2014.11.20"]
[SourceVersion "1"]
[SourceVersionDate "2014.11.20"]
[SourceQuality "1"]

1. d4 d5 2. c4 Nc6 3. Nf3 Bg4 4. e3 e6 5. Nbd2 Nf6 6. Bd3 Be7 7. 0-0 0-0 8. a3 e5 9. dxe5 Nxe5 10. Be2 Nxc4 11. Nxc4 dxc4 12. Bxc4 Bd6 13. b4 Ne4 14. Bb2 Bxf3 15. Qxf3 Qh4 16. g3 Nxg3 17. hxg3 Qxc4 18. Qxb7 a5 19. bxa5 Rab8 0-1

[Event "Catalunya-ch U20"]
[Site "Vila Seca"]
[Date "2011.04.22"]
[Round "5"]
[White "Campos Cayuelas, Adria"]
[Black "Solani Nunez, Joshua"]
[Result "0-1"]
[WhiteElo "1906"]
[BlackElo "1886"]
[PlyCount "56"]
[EventDate "2011.04.20"]
[EventType "swiss"]
[EventRounds "8"]
[EventCountry "ESP"]
[SourceTitle "EXT 2012"]
[Source "ChessBase"]
[SourceDate "2011.11.24"]
[SourceVersion "1"]
[SourceVersionDate "2011.11.24"]
[SourceQuality "1"]

1. e4 c5 2. Nc3 Nc6 3. Bb5 d6 4. Bxc6+ bxc6 5. d3 g6 6. f4 Bg7 7. Nf3 e6 8. 0-0 Ne7 9. Qe1 0-0 10. Bd2 d5 11. Qh4 c4 12. dxc4 Ba6 13. g4 Bxc4 14. Rf2 dxe4 15. Nxe4 Nd5 16. Nfg5 h6 17. f5 exf5 18. gxf5 Nf6 19. Nxf6+ Qxf6 20. fxg6 Qxb2 21. Raf1 Qd4 22. gxf7+ Bxf7 23. Qh3 hxg5 24. Bxg5 Bc4 25. Be3 Rxf2 26. Rxf2 Qa1+ 27. Kg2 Bd5+ 28. Kg3 Qe5+ 0-1

[Event "Catalunya-ch U20"]
[Site "Vila Seca"]
[Date "2010.04.02"]
[Round "4"]
[White "Bardera Gil, Sergi"]
[Black "Solani Nunez, Joshua"]
[Result "1/2-1/2"]
[WhiteElo "2056"]
[BlackElo "1865"]
[PlyCount "98"]
[EventDate "2010.03.31"]
[EventType "swiss"]
[EventRounds "9"]
[EventCountry "ESP"]
[SourceTitle "CBM 135 Extra"]
[Source "ChessBase"]
[SourceDate "2010.05.04"]
[SourceVersion "1"]
[SourceVersionDate "2010.05.04"]
[SourceQuality "1"]

1. e4 c5 2. Nf3 Nc6 3. d4 cxd4 4. Nxd4 g6 5. Nc3 Bg7 6. Be3 Nf6 7. Bc4 0-0 8. f3 Qb6 9. Bb3 Nxe4 10. fxe4 Bxd4 11. Bxd4 Qxd4 12. Qe2 d6 13. Rd1 Qf6 14. Rf1 Qe5 15. Qf2 Be6 16. Rd3 Bxb3 17. axb3 f5 18. Qh4 fxe4 19. Rxf8+ Rxf8 20. Rh3 Rf7 21. Qxe4 Qa5 22. Qc4 Ne5 23. Qd5 Qa6 24. Re3 Qf1+ 25. Kd2 Kg7 26. Ne2 b5 27. Ng3 Qf2+ 28. Ne2 a6 29. Qb7 b4 30. Qd5 Qf1 31. Ng3 Rf2+ 32. Re2 Rxe2+ 33. Nxe2 Qb1 34. Qe6 Kf8 35. Qc8+ Kf7 36. Qxa6 Qxb2 37. Qb5 Qa3 38. Nf4 g5 39. Qd5+ Ke8 40. Qg8+ Kd7 41. Qe6+ Kd8 42. Nd5 Qa7 43. Qg8+ Kd7 44. Nf6+ Kc7 45. Nd5+ Kd7 46. Ke2 Qd4 47. Ne3 h6 48. Qh7 Qh4 49. h3 Qh5+ 1/2-1/2